000 00944nam a2200229Ia 4500
001 10508
003 GE_BSU
008 181216s||||||||xx |||||||||||||| ||und||
020 _a9789941055799
040 _cGE_BSU
080 _a821.161.1-32+821.161.1-2+821.161.1.03=353.1
100 _aბაბელი,ისააკ
245 _aნასისხლფასევი:20 მოთხრობა, 2 პიესა
245 _cრუს.თარგმ.და კრებ.შეადგინა თამაზ კვაჭანტირაძემ.რედ. ნანა კვარაცხელია,მხატვ.ვახტანგ რურუა
260 _aთბილისი
260 _c2013
300 _a267გვ.1ფ.პორტრ.20სმ.
541 _h9ლ.50თ.
653 _aმოთხრობა, პიესა
653 _aნასისხლფასევი
942 _cBK
999 _c43763
_d43763